Ortschaften des Kantons Waadt - Statistiken

Allgemein
  • Dieses Quiz wurde 23 mal gespielt
  • Das Durchschnittsergebnis liegt bei 89 aus 445
Antworten auf der Karte
Die Antworten werden auf der Karte rot bzw. grün angezeigt, abhängig davon wie oft sie richtig erraten wurden.
 
Antwortstatistiken
Einw. Ortschaft % Korrekt
139’226 Lausanne
100%
9’277 Le Mont-sur-Lausanne
86%
495 Mont-la-Ville
86%
2’783 Mont-sur-Rolle
86%
23’016 Nyon
71%
30’024 Yverdon-les-Bains
71%
8’150 Montreux
64%
20’139 Vevey
64%
11’402 Aigle
50%
17’720 Morges
50%
12’417 Prilly
50%
19’163 Pully
50%
21’408 Renens
50%
14’018 Gland
43%
1’119 Les Diablerets
43%
3’792 Ollon
43%
10’259 Payerne
43%
6’682 Rolle
43%
6’052 Villeneuve
43%
8’069 Bex
36%
525 Bougy-Villars
36%
519 Champvent
36%
2’793 Château-d'Oex
36%
9’354 Crissier
36%
3’715 Leysin
36%
3’966 Lucens
36%
473 Lussery-Villars
36%
7’842 Orbe
36%
4’273 Romanel-sur-Lausanne
36%
462 Romanel-sur-Morges
36%
628 Rougemont
36%
1’177 Vich
36%
148 Villars-Bozon
36%
170 Villars-Bramard
36%
721 Villars-Burquin
36%
100 Villars-Epeney
36%
135 Villars-le-Comte
36%
502 Villars-le-Grand
36%
1’297 Villars-le-Terroir
36%
259 Villars-Mendraz
36%
977 Villars-Sainte-Croix
36%
53 Villars-sous-Champvent
36%
609 Villars-sous-Yens
36%
1’682 Villars-sur-Ollon
36%
441 Villars-Tiercelin
36%
1’492 Apples
29%
2’974 Arzier-Le Muids
29%
4’287 Avenches
29%
1’712 Bière
29%
6’471 Blonay
29%
1’400 Chavannes-de-Bogis
29%
1’018 Chavannes-des-Bois
29%
318 Chavannes-le-Chêne
29%
157 Chavannes-le-Veyron
29%
9’311 Chavannes-près-Renens
29%
238 Chavannes-sur-Moudon
29%
3’178 Coppet
29%
4’606 Cossonay-Ville
29%
13’320 Ecublens
29%
1’493 Jouxtens-Mézery
29%
2’598 La Sarraz
29%
471 Le Pont
29%
255 Les Mosses
29%
1’403 Le Vaud
29%
6’186 Lutry
29%
6’393 Moudon
29%
576 Pailly
29%
781 Palézieux-Gare
29%
816 Palézieux-Village
29%
3’964 Sainte-Croix
29%
4’097 Vallorbe
29%
1’498 Yens
29%
431 Allaman
21%
244 Arnex-sur-Nyon
21%
663 Arnex-sur-Orbe
21%
3’209 Aubonne
21%
1’196 Ballaigues
21%
576 Ballens
21%
1’485 Bassins
21%
1’146 Baulmes
21%
3’900 Belmont-sur-Lausanne
21%
443 Belmont-sur-Yverdon
21%
1’331 Bercher
21%
644 Bettens
21%
984 Bogis-Bossey
21%
1’374 Bottens
21%
512 Bullet
21%
10’624 Bussigny
21%
70 Bussigny-sur-Oron
21%
418 Bussy-Chardonney
21%
1’070 Champagne
21%
592 Chapelle-sur-Moudon
21%
2’111 Chardonne
21%
4’823 Chavornay
21%
525 Chevroux
21%
464 Corbeyrier
21%
471 Cottens
21%
1’277 Crassier
21%
40 Cremin
21%
1’877 Cudrefin
21%
2’843 Cugy
21%
1’674 Cully
21%
1’069 Daillens
21%
1’818 Denges
21%
237 Dizy
21%
253 Dompierre
21%
6’570 Echallens
21%
2’909 Echandens
21%
9’919 Epalinges
21%
388 Ependes
21%
342 Epesses
21%
390 Essertes
21%
557 Essertines-sur-Rolle
21%
750 Essertines-sur-Yverdon
21%
224 Essert-Pittet
21%
158 Essert-sous-Champvent
21%
2’913 Etoy
21%
436 Fiez
21%
2’045 Forel (Lavaux)
21%
140 Forel-sur-Lucens
21%
458 Giez
21%
1’342 Gilly
21%
1’266 Gingins
21%
1’073 Gollion
21%
3’384 Grandson
21%
2’304 Grandvaux
21%
1’537 Gryon
21%
450 Henniez
21%
268 L'Abergement
21%
3’015 La Conversion
21%
1’605 La Croix (Lutry)
21%
226 La Cure
21%
206 La Praz
21%
1’201 La Rippe
21%
316 La Sagne (Sainte-Croix)
21%
12’595 La Tour-de-Peilz
21%
896 Lavey-Village
21%
1’050 Lavigny
21%
1’431 Le Brassus
21%
500 Le Lieu
21%
2’326 Le Sentier
21%
204 L'Etivaz
21%
462 Lignerolle
21%
822 Lully
21%
710 Mathod
21%
140 Mauborget
21%
814 Mex
21%
76 Mézery-près-Donneloye
21%
1’302 Mézières
21%
2’188 Mies
21%
373 Missy
21%
322 Mollens
21%
75 Montaubion-Chardonney
21%
639 Montpreveyres
21%
26 Morcles
21%
232 Mur (Vully)
21%
1’941 Oron-la-Ville
21%
390 Oron-le-Châtel
21%
1’290 Pampigny
21%
1’534 Paudex
21%
875 Poliez-Pittet
21%
876 Pomy
21%
233 Premier
21%
5’215 Préverenges
21%
2’931 Puidoux
21%
931 Rennaz
21%
326 Rivaz
21%
423 Rossinière
21%
2’676 Saint-Cergue
21%
1’060 Saint-George
21%
5’144 Saint-Sulpice
21%
2’763 Savigny
21%
137 Sergey
21%
1’311 Servion
21%
1’734 Tannay
21%
182 Vaux-sur-Morges
21%
1’003 Veytaux
21%
210 Villette (Lavaux)
21%
3’536 Yvonand
21%
578 Aclens
14%
383 Agiez
14%
155 Allens
14%
519 Aran
14%
351 Arveyes
14%
1’179 Assens
14%
1’052 Bavois
14%
1’999 Begnins
14%
241 Bellerive
14%
308 Berolle
14%
252 Bioley-Magnoux
14%
517 Bioley-Orjulaz
14%
194 Bofflens
14%
503 Bonvillars
14%
1’134 Borex
14%
378 Boulens
14%
518 Bournens
14%
1’023 Boussens
14%
614 Bremblens
14%
125 Brenles
14%
1’045 Brent
14%
894 Bretigny-sur-Morrens
14%
259 Bretonnières
14%
687 Buchillon
14%
526 Bursinel
14%
843 Bursins
14%
422 Burtigny
14%
251 Bussy-sur-Moudon
14%
1’484 Carrouge
14%
597 Caux
14%
94 Cerniaz
14%
433 Chabrey
14%
1’197 Chailly-Montreux
14%
1’634 Chalet-à-Gobet
14%
561 Chamblon
14%
441 Chamby
14%
188 Champtauroz
14%
112 Chanéaz
14%
638 Châtillens
14%
97 Chenaux
14%
176 Chêne-Pâquier
14%
2’022 Chernex
14%
175 Chesalles-sur-Moudon
14%
262 Chesalles-sur-Oron
14%
739 Cheseaux-Noréaz
14%
5’043 Cheseaux-sur-Lausanne
14%
1’280 Chéserex
14%
1’772 Chesières
14%
521 Chessel
14%
342 Chevilly
14%
2’229 Chexbres
14%
422 Chigny
14%
9’577 Clarens
14%
220 Clarmont
14%
522 Coinsins
14%
554 Colombier
14%
300 Combremont-le-Grand
14%
401 Combremont-le-Petit
14%
2’990 Commugny
14%
1’021 Concise
14%
298 Constantine
14%
495 Corcelles-le-Jorat
14%
421 Corcelles-près-Concise
14%
2’924 Corcelles-près-Payerne
14%
367 Corcelles-sur-Chavornay
14%
117 Correvon
14%
2’336 Corseaux
14%
2’436 Corsier-sur-Vevey
14%
121 Cotterd
14%
2’439 Crans
14%
422 Cronay
14%
397 Croy
14%
541 Cuarnens
14%
242 Cuarny
14%
306 Curtilles
14%
160 Démoret
14%
743 Denens
14%
197 Denezy
14%
344 Dommartin
14%
296 Donatyre
14%
488 Donneloye
14%
1’114 Duillier
14%
626 Dully
14%
1’552 Echichens
14%
278 Eclagnens
14%
1’182 Eclépens
14%
448 Ecoteaux
14%
354 Epautheyres
14%
1’173 Etagnières
14%
1’739 Eysins
14%
902 Faoug
14%
904 Féchy
14%
60 Fenil-sur-Corsier
14%
393 Ferlens
14%
319 Ferreyres
14%
762 Fey
14%
243 Flendruz
14%
197 Fontaines-sur-Grandson
14%
95 Fontanezier
14%
3’834 Founex
14%
2’723 Froideville
14%
2’031 Genolier
14%
2’470 Gimel
14%
1’011 Givrins
14%
1’075 Glion
14%
232 Gossens
14%
893 Goumoëns-la-Ville
14%
41 Goumoëns-le-Jux
14%
546 Grancy
14%
1’004 Grandcour
14%
236 Grandevent
14%
1’590 Granges-près-Marnand
14%
395 Grens
14%
179 Gressy
14%
368 Hermenches
14%
1’901 Jongny
14%
351 Juriens
14%
356 L'Abbaye
14%
424 La Chaux (Cossonay)
14%
201 La Comballaz
14%
113 La Coudre
14%
204 La Forclaz
14%
52 La Lécherette
14%
96 La Russille
14%
105 La Tine
14%
589 L'Auberson
14%
53 La Vraconnaz
14%
92 Le Château-de-Sainte-Croix
14%
1’078 Le Mont-Pèlerin
14%
347 Les Avants
14%
709 Les Bioux
14%
326 Les Charbonnières
14%
96 Les Clées
14%
869 Les Cullayes
14%
82 Le Séchey
14%
564 Le Sépey
14%
114 Les Monts-de-Pully
14%
502 Les Moulins
14%
206 Le Solliat
14%
132 Les Plans-sur-Bex
14%
212 Les Rasses
14%
208 Les Thioleyres
14%
827 L'Isle
14%
2’687 Lonay
14%
551 Longirod
14%
744 L'Orient
14%
141 Lovatens
14%
626 Luins
14%
732 Lussy-sur-Morges
14%
567 Maracon
14%
510 Marchissy
14%
281 Marnand
14%
92 Martherenges
14%
64 Mauraz
14%
296 Moiry
14%
684 Mollie-Margot
14%
282 Molondin
14%
441 Monnaz
14%
775 Montagny-près-Yverdon
14%
489 Montblesson
14%
494 Montcherand
14%
569 Montherod
14%
214 Montmagny
14%
961 Montricher
14%
1’142 Morrens
14%
146 Mutrux
14%
150 Naz
14%
166 Neyruz-sur-Moudon
14%
102 Novalles
14%
1’180 Noville
14%
337 Ogens
14%
288 Oleyres
14%
498 Onnens
14%
202 Oppens
14%
416 Orges
14%
485 Orny
14%
214 Orzens
14%
598 Oulens-sous-Echallens
14%
45 Oulens-sur-Lucens
14%
228 Panex
14%
439 Peney-le-Jorat
14%
3’197 Penthalaz
14%
1’898 Penthaz
14%
438 Penthéréaz
14%
1’600 Perroy
14%
139 Peyres-Possens
14%
55 Pizy
14%
964 Poliez-le-Grand
14%
927 Pompaples
14%
117 Prahins
14%
4’271 Prangins
14%
226 Prévonloup
14%
388 Provence
14%
525 Rances
14%
436 Reverolle
14%
332 Riex
14%
1’949 Roche
14%
574 Romainmôtier-Envy
14%
39 Romairon
14%
532 Ropraz
14%
88 Rossenges
14%
59 Rossens
14%
199 Rovray
14%
302 Rueyres
14%
829 Saint-Barthélemy
14%
539 Saint-Cierges
14%
5’892 Saint-Légier - La Chiésaz
14%
695 Saint-Livres
14%
451 Saint-Oyens
14%
5’914 Saint-Prex
14%
388 Saint-Saphorin (Lavaux)
14%
636 Saint-Saphorin-sur-Morges
14%
474 Saint-Triphon
14%
1’025 Salavaux
14%
105 Sarzens
14%
215 Sassel
14%
449 Saubraz
14%
239 Sédeilles
14%
358 Seigneux
14%
490 Senarclens
14%
231 Sévery
14%
606 Signy-Avenex
14%
350 Sottens
14%
669 Suchy
14%
439 Sugnens
14%
1’198 Sullens
14%
217 Suscévaz
14%
165 Syens
14%
288 Tartegnin
14%
2’136 Territet
14%
888 Thierrens
14%
1’928 Tolochenaz
14%
1’449 Trélex
14%
314 Trey
14%
522 Treycovagnes
14%
109 Treytorrens (Payerne)
14%
234 Ursins
14%
703 Valeyres-sous-Montagny
14%
583 Valeyres-sous-Rances
14%
237 Valeyres-sous-Ursins
14%
570 Vallamand
14%
29 Vaugondry
14%
488 Vaulion
14%
1’856 Vers-chez-les-Blanc
14%
281 Vers-chez-Perrin
14%
304 Vers-l'Eglise
14%
227 Villarzel
14%
379 Vinzel
14%
1’102 Vuarrens
14%
635 Vucherens
14%
1’335 Vufflens-la-Ville
14%
882 Vufflens-le-Château
14%
151 Vugelles-La Mothe
14%
135 Vuibroye
14%
593 Vuiteboeuf
14%
645 Vulliens
14%
571 Vullierens
14%
1’105 Yvorne
14%
117 Fenalet-sur-Bex
7%
87 Frenières-sur-Bex
7%
265 Huémoz
7%
100 Lavey-les-Bains
7%
948 Les Monts-de-Corsier
7%
226 Les Posses-sur-Bex
7%
113 Les Tavernes
7%
221 Villard-sur-Chamby
7%
Keine übereinstimmenden Quizze gefunden
Verteilung der Resultate
Anzahl Personen mit jedem Resultat
Perzentil nach korrekt beantworteten Fragen
Ihre Resultats-Entwicklung
Sie haben dieses Quiz noch nicht gespielt